[Event "St Martin op"]
[Site "St Martin"]
[Date "1991.??.??"]
[Round "7"]
[White "Carlhammar, Magnus"]
[Black "Isaacs, Robert"]
[Result "1-0"]
[WhiteElo "2290"]
[BlackElo "2160"]
[PlyCount "69"]
[EventDate "1991.??.??"]
[EventType "swiss"]
[EventRounds "9"]
[EventCountry "FRA"]
[SourceTitle "EXT 2000"]
[Source "ChessBase"]
[SourceDate "1999.11.16"]
[SourceVersion "1"]
[SourceVersionDate "1999.11.16"]
[SourceQuality "1"]

1. d4 Nf6 2. c4 e6 3. g3 c5 4. d5 exd5 5. cxd5 d6 6. Bg2 g6 7. Nc3 Bg7 8. Nf3 0-0 9. 0-0 a6 10. a4 Nbd7 11. Nd2 Re8 12. Nc4 Nb6 13. Na3 Bd7 14. Re1 Qc7 15. h3 Nxa4 16. Nxa4 b5 17. Nxc5 Qxc5 18. Qd3 b4 19. Nc2 Bb5 20. Qd1 a5 21. Be3 Qc7 22. Nd4 Qb7 23. Nc6 a4 24. Nxb4 Bxe2 25. Qd2 Bb5 26. Bd4 Nd7 27. Bxg7 Kxg7 28. Qd4+ Kg8 29. Nc6 Qb6 30. Qc3 f6 31. Re6 Qc5 32. Rae1 Rf8 33. Qxc5 dxc5 34. Re7 Rf7 35. Rxf7 1-0

[Event "St Martin op"]
[Site "St Martin"]
[Date "1991.??.??"]
[Round "2"]
[White "Isaacs, Robert"]
[Black "Rausis, Igors"]
[Result "0-1"]
[WhiteElo "2195"]
[BlackElo "2440"]
[PlyCount "95"]
[EventDate "1991.??.??"]
[EventType "swiss"]
[EventRounds "9"]
[EventCountry "FRA"]
[SourceTitle "EXT 2000"]
[Source "ChessBase"]
[SourceDate "1999.11.16"]
[SourceVersion "1"]
[SourceVersionDate "1999.11.16"]
[SourceQuality "1"]

1. e4 d6 2. Nc3 Nf6 3. Bc4 c6 4. Bb3 e5 5. d3 Nbd7 6. a3 Nc5 7. Ba2 Be6 8. f4 Bxa2 9. Rxa2 exf4 10. Bxf4 Ne6 11. Bg3 Be7 12. Nf3 d5 13. e5 Ng4 14. Qd2 d4 15. Nd1 Qd5 16. Ra1 0-0-0 17. h3 Nh6 18. 0-0 Nf5 19. Bh2 h5 20. Qe2 Rhf8 21. Kh1 Bc5 22. Nd2 g6 23. Ne4 Bb6 24. Nf6 Qc5 25. Nxh5 Ne3 26. Nxe3 dxe3 27. Nf6 Qb5 28. b4 Bd4 29. c4 Qb6 30. Ra2 Qc7 31. Ng4 Ng7 32. e6 Qe7 33. Rxf7 Rxf7 34. exf7 Qxf7 35. Nxe3 Qe6 36. Ng4 Re8 37. Qxe6+ Rxe6 38. Bg3 Nf5 39. Bf2 Bxf2 40. Nxf2 Ng3+ 41. Kh2 Re3 42. Ra1 Nf5 43. Rd1 Re2 44. Ng4 Nh4 45. Kg3 Nf5+ 46. Kf3 Nd4+ 47. Kg3 Nf5+ 48. Kf3 0-1

[Event "St Martin op"]
[Site "St Martin"]
[Date "1991.??.??"]
[Round "9"]
[White "Kotliar, Mark"]
[Black "Isaacs, Robert"]
[Result "1/2-1/2"]
[WhiteElo "2310"]
[BlackElo "2160"]
[PlyCount "111"]
[EventDate "1991.??.??"]
[EventType "swiss"]
[EventRounds "9"]
[EventCountry "FRA"]
[SourceTitle "EXT 2000"]
[Source "ChessBase"]
[SourceDate "1999.11.16"]
[SourceVersion "1"]
[SourceVersionDate "1999.11.16"]
[SourceQuality "1"]

1. e4 c6 2. d4 d5 3. exd5 cxd5 4. Bd3 Nf6 5. c3 Qc7 6. Bg5 Bg4 7. Qc2 Nbd7 8. Ne2 e6 9. Nd2 Bd6 10. h3 Bh5 11. 0-0-0 0-0 12. Rdf1 Bg6 13. f4 b5 14. f5 Bxf5 15. Bxf5 exf5 16. Kb1 b4 17. Rxf5 bxc3 18. Nxc3 Qb7 19. Rhf1 Rab8 20. Nb3 Rfc8 21. g4 Ne4 22. Bh4 a5 23. Be1 Bb4 24. R5f3 Ndf6 25. Nc1 Nxc3+ 26. Bxc3 Ne4 27. Ne2 Ba3 28. b3 Rc7 29. Qd3 a4 30. Bb2 Bb4 31. Rd1 Rbc8 32. a3 Bf8 33. b4 Rc4 34. Ka2 Be7 35. Rc1 Bg5 36. Rxc4 Rxc4 37. Nc3 Nxc3+ 38. Bxc3 Qc6 39. Bb2 Bf6 40. Rf5 g6 41. Rf3 Kg7 42. Qd2 h6 43. Qf4 Qe6 44. Re3 Qd7 45. Re2 Rc6 46. Qf3 Re6 47. Rxe6 Qxe6 48. Qd3 Bd8 49. b5 f5 50. gxf5 gxf5 51. Qg3+ Kf7 52. Qf3 Qe4 53. Qd1 f4 54. Qh5+ Kg7 55. Qg4+ Kf7 56. Qh5+ 1/2-1/2